Представление документа в формате RUSMARC

ПолеНазваниеЗначение
  Тип записи a
  Библиографический уровень m
001 Контрольный номер RU/ГПНТБ России/IBIS/28.6/Х 12-126641775
005 Дата корректировки 20260429124822.5
010 Индекс ISBN __
a ISBN 978-5-389-20814-8
b Уточнения в пер.
9 Тираж 5000
100 Данные общей обработки __
a Данные общей обработки 20260429d2024 cd y0rusy0250 ca
101 Язык документа 1_
a Язык текста rus
c Язык оригинала ger
102 Страна публикации __
a Страна публикации RU
105 Кодированные данные (монография) __
a Кодированные данные (монография) a zzf 000yy
181 Поле кодированных данных: вид содержания _0
a Код вида содержания (ISBD) i
182 Поле кодированных данных: тип средства _0
a Код типа средства (ISBD) n
200 Заглавие и сведения об ответственности 1_
a Заглавие Животные Африки в натуральную величину
e Сведения, относящиеся к заглавию [справочное издание
e Сведения, относящиеся к заглавию для среднего школьного возраста]
f Первые сведения об ответственности автор текста Хольгер Хааг
g Последующие сведения об ответственности иллюстрации Ларса Баус
g Последующие сведения об ответственности перевод с немецкого В. Агафонова
203 Вид содержания и тип средства __
c Тип средства непосредственный
a Вид содержания Текст
210 Выходные данные 1_
a Место издания Москва
c Издательство Махаон
c Издательство Азбука-Аттикус
d Дата издания 2024
215 Физическое описание __
a Объем 64 с.
c Иллюстрации/тип воспроизводства цв. ил.
d Формат 37 см
330 Аннотация __
a Аннотация Благодаря этой книге ты познакомишься с животными Африки и найдешь ответы на самые любопытные вопросы. Знаешь ли ты, какой длины язык у жирафа? Как общаются слоны? Почему глаза кошек светятся в темноте? Какая обезьяна строит гнезда? Красочные иллюстрации, большая часть которых выполнена в натуральную величину, позволят как следует рассмотреть удивительных обитателей континента и оценить их размеры
333 Примечание о целевом назначении __
a Примечание о целевом назначении информационная продукция для детей, достигших возраста шести лет
333 Примечание о целевом назначении __
a Примечание о целевом назначении для детей от 8 до 10 лет
333 Примечание о целевом назначении __
a Примечание о целевом назначении для детей среднего возраста, 9-14 лет
606 Тематические рубрики __
a Основная рубрика Зоология
x Основная подрубрика Животные
x Основная подрубрика Справочное издание
j Формальный подзаголовок Издания для детей
2 Код системы nlr_sh
610 Ключевые слова 1_
a Ключевые слова Животные Африки
610 Ключевые слова 1_
a Ключевые слова Животные в натуральную величину
686 Индексы других классификаций __
2 Код системы rubbk
a Классификационный индекс 28.6
700 Автор _1
a Фамилия Хааг
b Имя Х.
g Полное личное имя Хольгер
f Даты 1938-2014
4 Код отношения 070
702 Вторичная интеллектуальная ответственность _1
a Фамилия Баус
b Имя Л.
g Полное личное имя Ларс
4 Код отношения 440
702 Вторичная интеллектуальная ответственность _1
a Фамилия Агафонов
b Имя В.
4 Код отношения 730
801 Источник записи _0
b Организация ГПНТБ России
a Страна RU
c Дата составления 20260429
801 Источник записи _1
b Организация ГПНТБ России
a Страна RU
c Дата составления 20260429
852 Данные о местонахождении 5_
a Наименование организации ГПНТБ России
m Суффикс шифра хранения 11129043
b Сигла хранения ЦГБ
j Шифр хранения 28.6
p Инвентарный номер RU
899 Данные о местонахождении __
a Местонахождение ГПНТБ России
p Штрих-код 11129043
b Место хранения ЦГБ
h Классификационная часть РШ 28.6
i Авторский знак Х 12
901 Тип документа __
a Ответственный заим.